logo

Bir Sreshtho Munshi Abdur Rouf Library
Jhenaidah Cadet College

ক্যামেলিয়া সিনেনসিস / (Record no. 2796)

MARC details
000 -LEADER
fixed length control field 00635nam a2200217 a 4500
001 - CONTROL NUMBER
JCCL Control Number 2796
003 - CONTROL NUMBER IDENTIFIER
JCCL marc code BD-JhCC
005 - DATE AND TIME OF LATEST TRANSACTION
control field 20171106202136.0
008 - FIXED-LENGTH DATA ELEMENTS--GENERAL INFORMATION
fixed length control field 171106s1985 bg |||| ||a| 000 0 ben d
035 ## - SYSTEM CONTROL NUMBER
system control number (BD-JhCC)2796
040 ## - CATALOGING SOURCE
Original cataloging agency BD-JhCC
Modifying agency BD-JhCC
041 ## - LANGUAGE CODE
Language code of Book ben
082 ## - DEWEY DECIMAL CLASSIFICATION NUMBER
Classification number 891.443
Author mark and Year RAS 1985
100 ## - MAIN ENTRY--PERSONAL NAME
Personal name রশীদ, সামস
245 ## - TITLE STATEMENT
Title ক্যামেলিয়া সিনেনসিস /
Statement of responsibility, etc সামস রশীদ,
260 ## - PUBLICATION, DISTRIBUTION, ETC. (IMPRINT)
Place of publication, distribution, etc ঢাকা :
Name of publisher, distributor, etc রাশীদ পাবলিকেশনস,
Date of publication, distribution, etc 1985
300 ## - PHYSICAL DESCRIPTION
Pagination 238 p. :
Dimensions 22 cm.
650 ## - SUBJECT ADDED ENTRY--TOPICAL TERM
Topical term or geographic name as entry element Bengali Novel
942 ## - ADDED ENTRY ELEMENTS (KOHA)
Source of classification or shelving scheme Dewey Decimal Classification
Koha item type Books
Holdings
Source of classification or shelving scheme Damaged status Not for loan Home library Current library Shelving location Cost, normal purchase price Total Checkouts Full call number Barcode Date last seen Copy number Koha item type
Dewey Decimal Classification     JCC Rouf Library JCC Rouf Library General Stacks 45.00   891.443 RAS 1985 4635 11/06/2017 C-1 Books

JCC Library | Contacts | JCC Home

Last Update on 23 September 2017
Copyright @ 2017-2020 JCC Rouf Library
Rouf Library, Jhenidah Cadet College (JCC), Bangladesh